000 00382nam a2200145Ia 4500
008 240624s9999 xx 000 0 und d
041 _aeng
082 _a658.304 FAL
100 _aFALCONE PAUL
245 _a101 TOUGH CONVERSATIONS TO HAVE WITH EMPLOYEES
250 _a(2nd ed.)
260 _c2019
_aNew York
_bHarper Collins
300 _axxii,361P. : 23 ; cm.
365 _c
_b33
999 _c32542
_d32542